<?xml version="1.0" encoding="UTF-8"?>
<record
    xmlns:xsi="http://www.w3.org/2001/XMLSchema-instance"
    xsi:schemaLocation="http://www.loc.gov/MARC21/slim http://www.loc.gov/standards/marcxml/schema/MARC21slim.xsd"
    xmlns="http://www.loc.gov/MARC21/slim">

  <leader>00532nam a22001817a 4500</leader>
  <controlfield tag="005">20250326135712.0</controlfield>
  <controlfield tag="008">250326b        |||||||| |||| 00| 0 eng d</controlfield>
  <datafield tag="020" ind1=" " ind2=" ">
    <subfield code="a">9781784719968</subfield>
  </datafield>
  <datafield tag="041" ind1=" " ind2=" ">
    <subfield code="a">Eng.</subfield>
  </datafield>
  <datafield tag="082" ind1=" " ind2=" ">
    <subfield code="a">174.4 END</subfield>
  </datafield>
  <datafield tag="100" ind1=" " ind2=" ">
    <subfield code="a">Enderle, Georges </subfield>
  </datafield>
  <datafield tag="245" ind1=" " ind2=" ">
    <subfield code="a">Ethical Innovation in Business and the Economy</subfield>
  </datafield>
  <datafield tag="260" ind1=" " ind2=" ">
    <subfield code="a">UK</subfield>
    <subfield code="b">Edward Elgar Publishing</subfield>
    <subfield code="c">2015</subfield>
  </datafield>
  <datafield tag="300" ind1=" " ind2=" ">
    <subfield code="a">317;. P. 23 cm</subfield>
  </datafield>
  <datafield tag="650" ind1=" " ind2=" ">
    <subfield code="a">Technological Innovations-Moral and Ethical Aspects; Business Ethics</subfield>
  </datafield>
  <datafield tag="700" ind1=" " ind2=" ">
    <subfield code="a">Murphy, Patrick E. </subfield>
  </datafield>
  <datafield tag="942" ind1=" " ind2=" ">
    <subfield code="c">BK</subfield>
  </datafield>
  <datafield tag="999" ind1=" " ind2=" ">
    <subfield code="c">43409</subfield>
    <subfield code="d">43409</subfield>
  </datafield>
  <datafield tag="952" ind1=" " ind2=" ">
    <subfield code="0">0</subfield>
    <subfield code="1">0</subfield>
    <subfield code="2">ddc</subfield>
    <subfield code="4">0</subfield>
    <subfield code="7">0</subfield>
    <subfield code="a">IMTN</subfield>
    <subfield code="b">IMTN</subfield>
    <subfield code="c">Rack 4-A</subfield>
    <subfield code="d">2025-03-19</subfield>
    <subfield code="e">Raghav Books Private Limited</subfield>
    <subfield code="g">9905.70</subfield>
    <subfield code="i">2374</subfield>
    <subfield code="o">174.4 END</subfield>
    <subfield code="p">33700</subfield>
    <subfield code="r">2025-03-26 00:00:00</subfield>
    <subfield code="t">33</subfield>
    <subfield code="w">2025-02-14</subfield>
    <subfield code="y">BK</subfield>
    <subfield code="z">Dr. Shanthi Perumal</subfield>
  </datafield>
</record>
